000 01010cab a2200265 4500
001 ABS58723
008 090401t1998 xxu||||| |||| 00| 0 eng d
035 _a(Sirsi) u86654
041 _aeng
100 _aBerry, J.
245 _aAssessing influences upon the housing market in Northern Ireland
260 _c1998
350 _a0
490 _aJournal of Property Research
_v15(2) June 1998, 121-134(14)
520 _aAnalyses the relationship between the private housing sector in Northern Ireland and the macroeconomy. Looks at how the market diverges at a regional level compared to the whole of the UK. Cites disposable income, political instability and low prices as being significant factors. References.
650 _aDISPOSABLE INCOME
650 _aHOUSE PRICES
650 _aMACROECONOMICS
650 _aNORTHERN IRELAND
690 _aPROPERTY-RESIDENTIAL PROPERTY-RESIDENTIAL PROPERTY MARKET
700 _aAdair, A.
700 _aMcGreal, S.
942 _n0
948 _c08/06/1998
999 _c54568
_d54568